000 01153nam a2200229Ia 4500
999 _c38295
_d38295
001 4305
003 GE_BSU
005 20191011163846.0
008 181216s1960||||ge |||||||||||||| ||geo||
040 _cGE_BSU
041 _ageo
080 _a336.7 ქ–62
100 _aქოიავა, ნ.
_94490
245 _aკაპიტალისტური ქვეყნების ფულის მიმოქცევა და კრედიტი :
_bსახელმძღვ. ეკონ. ფაკ-ტისათვის. ნაწ. 2. /
_cრედ.კ. ნიკოლაიშვილი.
264 _aთბილისი :
_bთბილისის სახ. უნ–ტი,
_c1960.
300 _a232 გვ. ;
_b23 სმ.
504 _aბიბლიოგრ.: გვ. 225-229.
653 _aფულის მიმოქცევა კაპიტალისტურ ქვეყნებში
653 _aკრედიტი კაპიტალისტურ ქვეყნებში
700 _aნიკოლაიშვილი, კ.
_eრედაქტორი
_94700
942 _cBK
_2udc